Catálogo

Manual de epidemiología y salud pública : (Registro nro. 41457)

Detalles MARC
000 -LEADER
fixed length control field 01553nam a2200373 i 4500
001 - CONTROL NUMBER
control field 41457
003 - CONTROL NUMBER IDENTIFIER
control field Mx-PuUPA
005 - DATE AND TIME OF LATEST TRANSACTION
control field 20260218153314.0
008 - FIXED-LENGTH DATA ELEMENTS--GENERAL INFORMATION
fixed length control field 140415s1983 000 0 spa d
017 ## - COPYRIGHT OR LEGAL DEPOSIT NUMBER
Copyright or legal deposit number M-360-2018
020 ## - INTERNATIONAL STANDARD BOOK NUMBER
International Standard Book Number 9788491101734
040 ## - CATALOGING SOURCE
Original cataloging agency Mx-PuUPA
Language of cataloging spa
Transcribing agency Mx-PuUPA
Modifying agency Mx-PuUPA
Description conventions rda
041 0# - LANGUAGE CODE
Language code of text/sound track or separate title spa
245 10 - TITLE STATEMENT
Title Manual de epidemiología y salud pública :
Remainder of title para grados en Ciencias de la Salud /
Statement of responsibility, etc. directores, Idelfonso Hernández-Aguado, Blanca Lumbreras Lacarra
250 ## - EDITION STATEMENT
Edition statement 3a. edición
264 #1 - PRODUCTION, PUBLICATION, DISTRIBUTION, MANUFACTURE, AND COPYRIGHT NOTICE
Place of production, publication, distribution, manufacture Madrid, España :
Name of producer, publisher, distributor, manufacturer Editorial Médica Panamericana,
Date of production, publication, distribution, manufacture, or copyright notice 2018
300 ## - PHYSICAL DESCRIPTION
Extent 407 páginas :
Other physical details ilustraciones ;
Dimensions 24 cm
336 ## - CONTENT TYPE
Fuente rdacontent
Content type term texto
Content type code txt
337 ## - MEDIA TYPE
Source rdamedia
Media type term sin medio
Media type code n
338 ## - CARRIER TYPE
Source rdacarrier
Carrier type term volumen
Carrier type code nc
500 ## - GENERAL NOTE
General note Reimpresiones: (3a. reimpresión, mayo, 2022).
501 ## - WITH NOTE
With note Con: versión digital
650 #7 - SUBJECT ADDED ENTRY--TOPICAL TERM
Source of heading or term armarc
Topical term or geographic name entry element Epidemiología
650 #7 - SUBJECT ADDED ENTRY--TOPICAL TERM
Source of heading or term armarc
Topical term or geographic name entry element Epidemiología
Form subdivision Tratados, manuales, etc.
650 #7 - SUBJECT ADDED ENTRY--TOPICAL TERM
Source of heading or term armarc
Topical term or geographic name entry element Salud Pública
Form subdivision Tratados, manuales, etc.
650 #7 - SUBJECT ADDED ENTRY--TOPICAL TERM
Source of heading or term armarc
Topical term or geographic name entry element Planificación de la salud
700 1# - ADDED ENTRY--PERSONAL NAME
Personal name Hernández-Aguado, Ildefonso.
Relator term director
9 (RLIN) 7849
700 1# - ADDED ENTRY--PERSONAL NAME
Personal name Lumbreras Lacarra, Blanca,
Relator term director
942 ## - ADDED ENTRY ELEMENTS (KOHA)
Source of classification or shelving scheme Dewey Decimal Classification
Koha item type Libro
Classification part 614.4
Item part M26
Existencias
Withdrawn status Lost status Source of classification or shelving scheme Damaged status Not for loan Collection code Home library Current library Shelving location Date acquired Source of acquisition Cost, normal purchase price Total Checkouts Total Renewals Full call number Barcode Date last seen Date last checked out Cost, replacement price Price effective from Koha item type Copy number
    Dewey Decimal Classification     General Biblioteca Karol Wojtyla Biblioteca Karol Wojtyla Sala general 20/05/2025 1 1245.00 2 1 614.4 M26 2018 106058 29/04/2026 27/04/2026 1245.00 20/05/2025 Libro  
    Dewey Decimal Classification     General Biblioteca Karol Wojtyla Biblioteca Karol Wojtyla Sala general 20/05/2025 1 1245.00 2   614.4 M26 2018 106090 04/05/2026 17/03/2026 1245.00 20/05/2025 Libro Ej.2